| 000 | 02976cam a22005654i 4500 | ||
|---|---|---|---|
| 003 | PE-LiUPU | ||
| 005 | 20250731165615.0 | ||
| 008 | 150706s2011 sp a rb 000 0 d | ||
| 020 | _a9788492812387 | ||
| 035 | _a(Sirsi) i9788492812387 | ||
| 040 |
_aPE-LiUPU _bspa _cPE-LiUPU _erda |
||
| 049 | _aPRUA | ||
| 082 | 0 | 4 |
_a001.422 _bP45 _221 |
| 082 | 0 | 4 |
_a001.422 _bP45 2011 |
| 100 | 1 |
_aPérez López, César, _eautor. |
|
| 245 | 1 | 3 |
_aEl sistema estadístico SAS / _cCésar Pérez López. |
| 264 | 1 |
_aMadrid : _bGarceta, _c2011. |
|
| 300 |
_axiv, 852 páginas : _bilustraciones ; _c24 centimetros |
||
| 336 |
_atext _2rdacontent |
||
| 337 |
_aunmediated _2rdamedia |
||
| 338 |
_avolume _2rdacarrier |
||
| 505 | 0 | _aEntorno de trabajo y primeros pasos en SAS 9 -- Lenguaje de programación SAS: Sentencias, ficheros y paso DATA -- Lenguaje de programación SAS: Paso PROC -- Lenguaje de programación SAS: Variables, constantes, operadores y fórmatos -- Lenguaje de programación SAD: Funciones -- Prodedimientos de estadística descriptiva -- Procedimientos gráficos de informes y de utilidades -- SAS GRAPH: Gráficos avanzados -- Procedimientos de estadística avanzada -- SAS STAT:Modelos logit, probit y tobit. Análisis de la supervivencia -- Análisis de la varianza y la covarianza. Modelos log-lineales -- SAS STAT: Componentes principales, análisis factorial y correspondencias -- SAS STAT. Análisis cluster, análisis discriminante y correlación canónica. SAS ETS: Análisis de series temporales univariantes. Cointegración -- SAS ETS: Análisis de series temporales multivariantes, sistemas y datos de panel. | |
| 526 | _aSEG44 | ||
| 526 | _aSEG26 | ||
| 526 | _aP151 | ||
| 526 | _aP150 | ||
| 526 | _aP149 | ||
| 526 | _aP146 | ||
| 526 | _aP145 | ||
| 526 | _aP126 | ||
| 526 | _aP125 | ||
| 526 | _aP92 | ||
| 526 | _aP75 | ||
| 526 | _aP74 | ||
| 526 | _aP27 | ||
| 526 | _aP15 | ||
| 541 | _g015-0015322; | ||
| 650 | 0 | 4 | _aSAS (Programa de computadora). |
| 650 | 0 | 4 |
_aEstadística matemática _xPrograma de computadora. |
| 650 | 0 | 4 | _aSAS (Archivo de computadora). |
| 910 |
_cbd _d20120522 |
||
| 942 |
_2ddc _cBOOK |
||
| 949 |
_a001.422 P45 _wDEWEY _c1 _i67226 _lCCODEBUL1 _mBUL _p90.00 _r0 _sY _tBOOK _u2015-7-6 _xINGENIERIA _zUNKNOWN _o.STAFF. Colección General |
||
| 949 |
_a001.422 P45 2011 _wDEWEY _c1 _iFJ03853 _lCCODEBUJ1 _mBUJ _p90.00 _r0 _sY _tBOOK _u2016-11-07 _xINGENIERIA _PP27 _0COMPRA _o.STAFF. Colección General Juliaca |
||
| 994 |
_aC0 _bPEPRU |
||
| 596 | _a1 3 | ||
| 999 |
_a001.422 P45 _wDEWEY _c54815 _i67226 _d54815 _f2021-11-4 _g7 _lCCODEBUL1 _mBUL _p90.00 _q1 _r0 _sY _tBOOK _u2015-7-6 _xBIBLIOTECA _zUNKNOWN _0COMPRA _o.STAFF. Colección General |
||
| 999 |
_a311 P45 2011 _wDEWEY _c1 _iFJ03853 _d2017-11-7 _f2022-1-18 _g4 _lCCODEBUJ1 _mBUJ _p90.00 _q2 _r0 _sY _tBOOK _u2015-10-6 _xFCE _PP27 _0COMPRA _o.STAFF. Colección General Juliaca |
||
| 980 |
_81 _gALBERTO SANCHEZ Responsable de Automatización |
||